000 00289nam a22001337a 4500
008 170627b xxu||||| |||| 00| 0 eng d
020 _a9780130547927
041 _aeng
080 _a82
100 _a21
101 _aGJL
245 _aPRENTICE HALL LITERATURE
_cCOPPER
942 _2udc
_cBK
999 _c19182
_d19182